000
00337nam a2200133Ia 4500
008
151213s9999 xx 000 0 und d
245
_a
SAS Language & Procedure Introduction Version - 6
250
_a
1st
260
_a
Cary Ne.USA
_b
SAS Institute
_c
1995
300
_a
3108 p.
650
_a
Computer
650
_a
Computer
999
_c
2133
_d
2133